General cytology (Record no. 16175)
[ view plain ]
| 000 -LEADER | |
|---|---|
| fixed length control field | 00345cam a22001451 4500 |
| 040 ## - CATALOGING SOURCE | |
| Transcribing agency | ICU |
| 082 00 - DEWEY DECIMAL CLASSIFICATION NUMBER | |
| Classification number | 574 SAU 1960 A084 Or. |
| 100 1# - MAIN ENTRY--AUTHOR NAME | |
| Personal name | De Robertis, Eduardo D. P., |
| 245 10 - TITLE STATEMENT | |
| Title | General cytology |
| 250 ## - EDITION STATEMENT | |
| Edition statement | 3d ed. |
| 260 ## - PUBLICATION, DISTRIBUTION, ETC. (IMPRINT) | |
| Place of publication | Philadelphia, |
| Name of publisher | Saunders, |
| Year of publication | 1960. |
| 300 ## - PHYSICAL DESCRIPTION | |
| Number of Pages | 555 p. |
| Other physical details | illus. |
| Dimensions | 25 cm. |
| 650 #0 - SUBJECT ADDED ENTRY--TOPICAL TERM | |
| Topical Term | Cytology. |
| 942 ## - ADDED ENTRY ELEMENTS (KOHA) | |
| Koha item type | សៀវភៅភាសាអង់គ្លេស |
| 952 ## - LOCATION AND ITEM INFORMATION (KOHA) | |
| Withdrawn status [LOCAL, KOHA] | 0 |
| Permanent Location | Date acquired | Koha item type | Lost status | Shelving location | Barcode | Current Location | Full call number |
|---|---|---|---|---|---|---|---|
| Library Block A | 2018-01-19 | សៀវភៅភាសាអង់គ្លេស | A084 | A23986 | Library Block A | 574 SAU 1960 A084 Or. |